Statistiques concernant Effectif du VAFC 21/22

Cliquez ici pour prendre le quiz!

Statistiques générales

  • Ce quiz a été pris 28 fois
  • Le résultat moyen est 18 sur 30

Statistiques - réponses

PosteJoueur% Correct
GChevalier
96%
MMasson
88%
DCuffaut
83%
DDebuchy
79%
AGuillaume
79%
ABonnet
75%
MBoutoutaou
75%
DDos Santos
75%
GKonaté
75%
MDiliberto
71%
MHamache
71%
MKaba
71%
DNtim
71%
DLecoeuche
63%
CoachDelmotte
58%
DLinguet
58%
DAbeid
54%
MPicouleau
54%
MRobail
54%
MAyite
46%
DSpano Rahou
46%
DVandenabeele
46%
MYatabare
46%
PrésidentZdziech
46%
MArib
38%
MMartin
38%
ATimite
33%
MKalai
29%
MOuattara
29%
MElogo
21%

Distribution des résultats

Percentile par nombre de réponses

% des personnes avec chaque résultat

Votre développement - résultats

Vous n’avez pas pris ce quiz